Innovación social en Latinoamérica

Uloženo v:
Podrobná bibliografie
Hlavní autoři: Domanski, Dmitri (Autor), Monge Iriarte, Nicolás (Autor), Quitiaquez, Germán (Autor), Rocha, Daniel (Autor)
Médium: Kniha
Jazyk:španělština
Vydáno: Bogotá Corporación Universitaria Minuto de Dios 2016
Vydání:1a. ed
Témata:
Tagy: Přidat tag
Žádné tagy, Buďte první, kdo vytvoří štítek k tomuto záznamu!

MARC

LEADER 00000cam a2200000 a 4500
001 UCD7014
003 CL-VaPUC
008 170303e20160000ck |||||||||||||||||spa|d
020 |a 9789587631968 
082 0 4 |a 303.44  |b DOM  |2 21 
100 0 |a Domanski, Dmitri  |e author  |9 590944 
700 0 |a Monge Iriarte, Nicolás  |e author  |9 590945 
700 0 |a Quitiaquez, Germán  |e author  |9 590946 
700 0 |a Rocha, Daniel  |e author  |9 444863 
245 1 0 |a Innovación social en Latinoamérica 
250 |a 1a. ed 
300 |a 354 p 
942 |c BK 
945 |d 20170303 17:35:00  |a arojas 
260 |a Bogotá  |b Corporación Universitaria Minuto de Dios  |c 2016 
650 0 |a Cambio social   |9 256857 
650 0 |a Procesos sociales  |9 337802 
650 0 |a Desarrollo social  |9 264534 
650 0 |a Innovación social  |9 590947 
651 0 |a América Latina   |9 255027 
583 |a last modification  |c 20170303 17:35:00  |k Rodrigo Vera 
999 |c 367181  |d 367179 
952 |0 0  |1 0  |3 erb  |4 0  |6 303_440000000000000_DOM_2016  |7 0  |8 A  |9 481874  |a BIBAGR  |b BIBAGR  |i 5361613  |o 303.44 DOM 2016  |p 5361613  |r 2025-01-20  |w 2019-11-24  |y BK  |z Catalogado en:20170303  |k AGR